Eight yards, down and out : (Record no. 1340)

MARC details
000 -LEADER
fixed length control field 00765cam a2200241 a 4500
005 - DATE AND TIME OF LATEST TRANSACTION
control field 20260322212056.0
008 - FIXED-LENGTH DATA ELEMENTS--GENERAL INFORMATION
fixed length control field data
010 ## - LIBRARY OF CONGRESS CONTROL NUMBER
LC control number 92070024
020 ## - INTERNATIONAL STANDARD BOOK NUMBER
International Standard Book Number 0836218841 :
Terms of availability {dollar}8.95 ({dollar}12.50 Can.)
020 ## - INTERNATIONAL STANDARD BOOK NUMBER
International Standard Book Number 9780836218848 :
Terms of availability {dollar}8.95 ({dollar}12.50 Can.)
040 ## - CATALOGING SOURCE
Original cataloging agency DLC
Transcribing agency DLC
Modifying agency DLC
050 00 - LIBRARY OF CONGRESS CALL NUMBER
Classification number PN6728.F64
Item number A445 1992
082 00 - DEWEY DECIMAL CLASSIFICATION NUMBER
Classification number 741.5/973
Edition information 20
099 ## - LOCAL FREE-TEXT CALL NUMBER (OCLC)
Classification number AMENDB
001 - CONTROL NUMBER
control field data
100 1# - MAIN ENTRY--PERSONAL NAME
Personal name Amend, Bill.
240 10 - UNIFORM TITLE
Uniform title FoxTrot.
Form subheading Selections
245 10 - TITLE STATEMENT
Title Eight yards, down and out :
Remainder of title a Fox trot collection /
Statement of responsibility, etc. Bill Amend.
260 ## - PUBLICATION, DISTRIBUTION, ETC.
Place of publication, distribution, etc. Kansas City :
Name of publisher, distributor, etc. Andrews and McMeel,
Date of publication, distribution, etc. c1992.
300 ## - PHYSICAL DESCRIPTION
Extent 127 p. ;
Other physical details chiefly ill. ;
Dimensions 23 cm.
500 ## - GENERAL NOTE
General note Selections from the author's Sunday comic strip collection, Fox trot.
740 0# - ADDED ENTRY--UNCONTROLLED RELATED/ANALYTICAL TITLE
Uncontrolled related/analytical title Fox trot.
Holdings
Withdrawn status Lost status Damaged status Not for loan Home library Current library Shelving location Date acquired Total checkouts Full call number Barcode Date last seen Price effective from Koha item type
        Centerville Centerville General stacks 22/03/2026   741.5/973 20 BC0011383 22/03/2026 22/03/2026 Books